El libro de los abrazos / (Registro nro. 3035)

Detalles MARC
000 -LEADER
fixed length control field 01045nam a2200205 a 4500
008 - CAMPO DE CONTROL (LIBRO)
fixed length control field 161215e2000 ag a|||g |||| 001 j spa d
020 ## - INTERNATIONAL STANDARD BOOK NUMBER
ISBN 9508950897
041 ## - CODIGO DE IDIOMA
Código de idioma del texto/pista de sonido o título separado spa
092 ## - SIGNATURA TOPOGRAFICA DEWEY LOCAL
número de clasificación 808
libristica 28
sección GAL
100 1# - ENTRADA PRINCIPAL--NOMBRE PERSONAL
Nombre personal Galeano, Eduardo
9 (RLIN) 3095
245 3# - TITULO PROPIAMENTE DICHO
Título El libro de los abrazos /
Mención de responsabilidad y remanente de la transcripción de la portada Eduardo Galeano
250 ## - MENCION DE EDICION
Mención de edición 10a ed.
260 ## - PIE DE IMPRENTA
Lugar de publicación, distribución, etc Buenos Aires:
Nombre de la editorial, distribuidor, etc Catálogos;
Fecha de publicación 2000.
300 ## - DESCRIPCION FISICA
Extension 265 p.
500 ## - NOTA GENERAL
Nota general Galeano, E. (2000). El libro de los abrazos. (1a ed.). Buenos Aires : Catálogos.
505 ## - NOTA DE CONTENIDO
Nota de contenido formateada Cada persona brilla con luz propia entre todas las demás. No hay dos fuegos iguales. Hay fuegos grandes y fuegos chicos y fuegos de todos los colores. Hay gente de fuego sereno, que ni se entera del viento, y gente de fuego loco, que llena el aire de chispas. Algunos fuegos, fuegos bobos, no alumbran ni queman; pero otros arden la vida con tantas ganas que no se puede miralos sin parpadear, y quien se acerca, se enciende.
590 ## - NOTAS LOCALES (RLIN)
Nota local Proyecto 4to libro. Donación Constanzo Juan Carlos
655 ## - MATERIA - GENERO/FORMA
Género/Forma Literatura
-- 2917
942 ## - ADDED ENTRY ELEMENTS (KOHA)
Source of classification or shelving scheme Dewey Decimal Classification
Item type LITERATURA
Existencias
Estado de retiro Existencia Fuente de clasificación Estado general No para prestamo Ubicación permanente ubicación actual Sala de ubicación Fecha de adquisición Fuente de adquisición Total Checkouts Total Renewals Número de clasificación Código de barras Date last seen Date last borrowed Número de ejemplar Price effective from Koha tipo de elemento (item) Public note
    Dewey Decimal Classification     Biblioteca Medicina Biblioteca Medicina Circulación 09/09/2019 Donación Constanzo, Juan Carlos. Sept. 2019 1 1 808 28 GAL 4563 21/12/2022 29/11/2022 Ej.1 09/09/2019 LITERATURA Proyecto 4to libro Donación Constanzo, Juan Carlos. Sept. 2019

UNIVERSIDAD NACIONAL DEL COMAHUE
Biblioteca de la Facultad de Ciencias Médicas
Sede Toschi: Los Arrayanes y Av. Toschi, Cipolletti  - Rio Negro
Sede Los Tordos:  Yrigoyen al 2211, Cipolletti - Rio Negro 

Teléfono: 0299 - 4774707 int 25
Contacto: biblioteca@facimed.uncoma.edu.ar
© 2011 - 2026